00362nam a2200133Ia 4500008004100000020001500041041001200056082001600068100001500084245007100099260003400170300000800204650001600212221030s9999 xx 000 0 und d a8175153059 aEnglish a105.23bJai aS. Jaiswal 0aE- Commerce (Electronic Communication for Business)cby S. Jaiswal bGalgotia PubaNew Delhic2006 a564 aBE Computer